Library Banner

علمائے حق کا سیاسی موقف (Record no. 68109)

MARC details
000 -LEADER
fixed length control field 00502nam a22001697a 4500
005 - DATE AND TIME OF LATEST TRANSACTION
control field 20150324150423.0
008 - FIXED-LENGTH DATA ELEMENTS--GENERAL INFORMATION
fixed length control field 150324b xxu||||| |||| 00| 0 eng d
020 ## - INTERNATIONAL STANDARD BOOK NUMBER
International Standard Book Number 9698793631
040 ## - CATALOGING SOURCE
Transcribing agency PK-LaUMT
082 ## - DEWEY DECIMAL CLASSIFICATION NUMBER
Classification number KHC 297.8
Item number SAE-U
100 ## - MAIN ENTRY--PERSONAL NAME
Personal name سعیداحمد اکبر
245 ## - TITLE STATEMENT
Title علمائے حق کا سیاسی موقف
Statement of responsibility, etc سعیداحمد اکبر
260 ## - PUBLICATION, DISTRIBUTION, ETC. (IMPRINT)
Place of publication, distribution, etc لاہور
Name of publisher, distributor, etc جمیعۃ پبلیکیشنز
Date of publication, distribution, etc 2007
300 ## - PHYSICAL DESCRIPTION
Extent 239 ص
700 ## - ADDED ENTRY--PERSONAL NAME
Personal name ابوسلمان (تدوین
942 ## - ADDED ENTRY ELEMENTS (KOHA)
Koha item type Books
Holdings
Withdrawn status Lost status Damaged status Home library Current library Date acquired Full call number Barcode Date last seen Price effective from Koha item type
      UMT Main Campus UMT Main Campus 2015-03-24 KHC 297.8 SAE-U 68884 2015-03-24 2015-03-24 Books